000 00704nam a2200217Ia 4500
001 4232
003 GE_BSU
008 181216s||||||||xx |||||||||||||| ||und||
040 _cGE_BSU
080 _a665.5(075.8)
100 _aАндерс, В.Р.
245 _aКонтроль и автоматизация процессов переработки нефти и газа.
245 _bУчебник.
245 _cВед. ред. А.А. Горъкова.
260 _aМ.
260 _bНедра.
260 _c1964.
300 _a390стр. 22см.
653 _aКонтроль и автоматизация процессов переработки нефти и газа.
942 _cBK
999 _c38242
_d38242